| 000 | 00602nam a22002057a 4500 | ||
|---|---|---|---|
| 003 | OSt | ||
| 005 | 20240222112445.0 | ||
| 008 | 170404t xxu||||| |||| 00| 0 eng d | ||
| 020 | _a9780500283219 | ||
| 040 | _c0 | ||
| 082 |
_a712.60904 _bBRO |
||
| 100 | 1 |
_aBrown, Jane _9121070 |
|
| 245 | 1 | 4 |
_aThe modern garden/ _cJane brown |
| 260 |
_aLondon, _bThames & Hudson, _c2000. |
||
| 300 |
_a223 p.: _bill; _c28 cm. |
||
| 650 |
_aGardens _9120939 |
||
| 650 |
_aLandscape architecture _932116 |
||
| 942 |
_2ddc _cREF |
||
| 999 |
_c608012 _d608012 |
||